| 000 | 00397nam a22001337a 4500 | ||
|---|---|---|---|
| 999 |
_c9585 _d9585 |
||
| 003 | OSt | ||
| 005 | 20210705112304.0 | ||
| 008 | 210705b ||||| |||| 00| 0 eng d | ||
| 020 | _a9781568989778 | ||
| 082 |
_a711.4 _bCUF |
||
| 100 | _a Cuff, Dana, 1953-; Cuff, Dana, 1953-; Sherman, Roger, 1958- | ||
| 245 | _a Fast-forward urbanism : rethinking architecture's engagement with the city | ||
| 942 | _2ddc | ||